[Event "30PCR_F"]
[Site "?"]
[Date "2014.10.27"]
[Round "?"]
[White "Goc, Pavel"]
[Black "Lucan, Zdenko"]
[Result "1-0"]
[WhiteElo "2241"]
[BlackElo "1611"]
[PlyCount "35"]
[EventDate "2014.??.??"]
[EventType "corr"]
[EventRounds "2"]
[SourceDate "2010.08.23"]

1. e4 Nf6 2. e5 Nd5 3. d4 d6 4. c4 Nb6 5. exd6 exd6 6. Nc3 Be7 7. Be2 O-O 8.
Nf3 Bg4 9. O-O Bxf3 10. Bxf3 c6 11. Re1 Nxc4 12. Qe2 Na5 13. Qxe7 b5 14. Nxb5
Na6 15. Nxd6 Nb8 16. b4 Qxe7 17. Rxe7 a6 18. bxa5 1-0

[Event "30PCR_F"]
[Site "?"]
[Date "2014.10.27"]
[Round "?"]
[White "Chvojka, Jaroslav"]
[Black "Vins, Karel"]
[Result "1-0"]
[WhiteElo "2241"]
[BlackElo "1721"]
[PlyCount "45"]
[EventDate "2014.??.??"]
[EventType "corr"]
[EventRounds "2"]
[SourceDate "2010.08.23"]

1. d4 d5 2. Nf3 Nf6 3. c4 e6 4. Nc3 c6 5. e3 Nbd7 6. Bd3 dxc4 7. Bxc4 Nd5 8.
O-O Bd6 9. e4 N5b6 10. Bb3 h6 11. e5 Be7 12. Qe2 Nd5 13. Qe4 Nf8 14. h4 Bd7 15.
Qg4 g6 16. Ne4 h5 17. Qg3 Rg8 18. Bg5 Nh7 19. Nd6+ Bxd6 20. Bxd8 Rxd8 21. exd6
f6 22. Bxd5 cxd5 23. Rac1 1-0

[Event "30PCR_F"]
[Site "?"]
[Date "2014.10.27"]
[Round "?"]
[White "Fejfar, Vlastimil"]
[Black "Ptacek, Jiri"]
[Result "1-0"]
[WhiteElo "2160"]
[BlackElo "1783"]
[PlyCount "75"]
[EventDate "2014.??.??"]
[EventType "corr"]
[EventRounds "2"]
[SourceDate "2010.08.23"]

1. e4 e5 2. Nf3 Nc6 3. Bc4 Bc5 4. c3 Nf6 5. d4 exd4 6. cxd4 Bb4+ 7. Bd2 Bxd2+
8. Nbxd2 d5 9. exd5 Nxd5 10. Qb3 Nce7 11. O-O c6 12. Ne4 O-O 13. Rfe1 Qb6 14.
Qa3 Qb4 15. Qxb4 Nxb4 16. Rac1 Nbd5 17. h3 h6 18. Nc5 b6 19. Nd3 Be6 20. Bxd5
cxd5 21. Nf4 Rac8 22. Rxc8 Rxc8 23. Nxe6 fxe6 24. Rxe6 Kf7 25. Re2 Rc1+ 26. Kh2
Ra1 27. a3 Rc1 28. Ne5+ Kf6 29. Ng4+ Kf7 30. Ne3 Rc6 31. h4 b5 32. g4 Kf6 33.
f4 g5 34. fxg5+ hxg5 35. Rf2+ Kg6 36. h5+ Kh6 37. Rf7 Re6 38. Rxe7 1-0

[Event "30PCR_F"]
[Site "?"]
[Date "2014.10.27"]
[Round "?"]
[White "Farny, Miroslav"]
[Black "Pressl, Ladislav"]
[Result "1-0"]
[WhiteElo "2097"]
[BlackElo "1823"]
[PlyCount "37"]
[EventDate "2014.??.??"]
[EventType "corr"]
[EventRounds "2"]
[SourceDate "2010.08.23"]

1. Nf3 d5 2. g3 c5 3. Bg2 Nc6 4. O-O Nf6 5. d3 Bg4 6. h3 Bxf3 7. Bxf3 Qd7 8.
Bg2 e6 9. Nd2 Be7 10. Nf3 O-O 11. c4 Rfd8 12. Qb3 Qc7 13. Bd2 dxc4 14. Qxc4
Rac8 15. Rac1 b6 16. Rfd1 Nd5 17. d4 cxd4 18. Nxd4 Qe5 19. Nxc6 1-0

[Event "30PCR_F"]
[Site "?"]
[Date "2014.10.27"]
[Round "?"]
[White "Svoboda, Josef"]
[Black "Kyzlink, Vladimir"]
[Result "1/2-1/2"]
[WhiteElo "1915"]
[BlackElo "1861"]
[PlyCount "34"]
[EventDate "2014.??.??"]
[EventType "corr"]
[EventRounds "2"]
[SourceDate "2010.08.23"]

1. Nf3 Nf6 2. g3 g6 3. Bg2 Bg7 4. c4 d5 5. Ne5 O-O 6. d4 dxc4 7. Nxc4 c5 8.
dxc5 Qxd1+ 9. Kxd1 Rd8+ 10. Bd2 Nc6 11. Ke1 Be6 12. Bxc6 bxc6 13. Ne5 Rd5 14.
Nd3 Ne4 15. Nc3 Nxc3 16. Bxc3 Bf5 17. Bxg7 Kxg7 {nyni partie pokracovala 18.
0-0-0 Vad8 19.b4 Sxd3 20.exd3 Vxd3 21.Vxd3 Vxd3 s remízou ..........Vtip je v
tom, ze tah 18.0-0-0 je nemozný, protoze král uz dvakrát táhl......} 1/2-1/2

[Event "30PCR_F"]
[Site "?"]
[Date "2014.10.27"]
[Round "?"]
[White "Kepsta, Martin"]
[Black "Stepan, Josef"]
[Result "0-1"]
[WhiteElo "1900"]
[BlackElo "1870"]
[PlyCount "52"]
[EventDate "2014.??.??"]
[EventType "corr"]
[EventRounds "2"]
[SourceDate "2010.08.23"]

1. d4 d5 2. c4 e6 3. Nc3 c5 4. cxd5 exd5 5. Nf3 Nf6 6. Bg5 Nc6 7. Bxf6 Qxf6 8.
Nxd5 Qd8 9. e4 cxd4 10. a3 Bd6 11. Nxd4 O-O 12. Nxc6 bxc6 13. Nc3 Rb8 14. Rb1
Qf6 15. Qc2 Be5 16. Bd3 Rxb2 17. Rxb2 Bxc3+ 18. Kf1 Bxb2 19. h4 Bxa3 20. e5
Qxe5 21. Bxh7+ Kh8 22. g3 g6 23. h5 Bf5 24. Qd2 Be4 25. Qh6 Qb5+ 26. Ke1 Bb4+
0-1

[Event "30PCR_F"]
[Site "?"]
[Date "2014.10.27"]
[Round "?"]
[White "Kyzlink, Vladimir"]
[Black "Kepsta, Martin"]
[Result "1/2-1/2"]
[WhiteElo "1861"]
[BlackElo "1900"]
[PlyCount "54"]
[EventDate "2014.??.??"]
[EventType "corr"]
[EventRounds "2"]
[SourceDate "2010.08.23"]

1. e4 e5 2. Nf3 Nc6 3. Bc4 Be7 4. d4 exd4 5. Nxd4 Ne5 6. Bb3 d6 7. O-O Nf6 8.
f4 Nc6 9. Nxc6 bxc6 10. Nc3 O-O 11. Ba4 Bb7 12. Re1 h6 13. Be3 Nh7 14. Qf3 a5
15. Rad1 Qc8 16. Qg3 Qd8 17. Bd4 Bf6 18. Qg4 Bxd4+ 19. Rxd4 c5 20. Rd2 Bc8 21.
Qg3 Bd7 22. Bxd7 Qxd7 23. Red1 Qc6 24. Nd5 Rfe8 25. Qf3 Rad8 26. b3 Re6 27. e5
Kh8 1/2-1/2

[Event "30PCR_F"]
[Site "?"]
[Date "2014.10.27"]
[Round "?"]
[White "Pressl, Ladislav"]
[Black "Svoboda, Josef"]
[Result "1/2-1/2"]
[WhiteElo "1823"]
[BlackElo "1915"]
[PlyCount "39"]
[EventDate "2014.??.??"]
[EventType "corr"]
[EventRounds "2"]
[SourceDate "2010.08.23"]

1. e4 c6 2. d4 d5 3. Nc3 e6 4. e5 c5 5. Nf3 cxd4 6. Nxd4 Bb4 7. Bd2 Ne7 8. Bb5+
Bd7 9. a3 Qb6 10. Bxd7+ Nxd7 11. Nf3 Bc5 12. O-O Rd8 13. Na4 Qc7 14. b4 Bb6 15.
Nxb6 Nxb6 16. Rc1 O-O 17. Be3 Nc6 18. Bc5 Rfe8 19. Bd6 Qc8 20. b5 1/2-1/2

[Event "30PCR_F"]
[Site "?"]
[Date "2014.10.27"]
[Round "?"]
[White "Ptacek, Jiri"]
[Black "Farny, Miroslav"]
[Result "1-0"]
[WhiteElo "1783"]
[BlackElo "2097"]
[PlyCount "43"]
[EventDate "2014.??.??"]
[EventType "corr"]
[EventRounds "2"]
[SourceDate "2010.08.23"]

1. Nf3 c6 2. e4 e6 3. d4 d5 4. e5 h6 5. c3 Be7 6. Be2 a6 7. b4 Bd7 8. O-O Qc7
9. Bf4 g5 10. Bg3 Qd8 11. a4 b5 12. axb5 cxb5 13. Nbd2 g4 14. Ne1 h5 15. f3 Nh6
16. Nd3 Qc8 17. Nc5 Bxc5 18. dxc5 Qc6 19. fxg4 Nxg4 20. Bxg4 hxg4 21. Qxg4 Bc8
22. Rxf7 1-0

[Event "30PCR_F"]
[Site "?"]
[Date "2014.10.27"]
[Round "?"]
[White "Vins, Karel"]
[Black "Fejfar, Vlastimil"]
[Result "0-1"]
[WhiteElo "1721"]
[BlackElo "2160"]
[PlyCount "52"]
[EventDate "2014.??.??"]
[EventType "corr"]
[EventRounds "2"]
[SourceDate "2010.08.23"]

1. e4 e5 2. Nf3 Nc6 3. Bb5 a6 4. Ba4 Nf6 5. d3 d6 6. h3 b5 7. Bb3 Na5 8. c3
Nxb3 9. Qxb3 Be7 10. Be3 c5 11. O-O O-O 12. Nbd2 Bb7 13. Qc2 Qc7 14. b3 d5 15.
exd5 Nxd5 16. c4 Nb4 17. Qd1 Nxd3 18. Ne1 e4 19. Nxd3 exd3 20. g3 Qc6 21. f3
Qe6 22. Qe1 Qxh3 23. Qf2 Bd6 24. Bf4 Bxf4 25. gxf4 Rae8 26. Qg2 Qd7 0-1

[Event "30PCR_F"]
[Site "?"]
[Date "2014.10.27"]
[Round "?"]
[White "Lucan, Zdenko"]
[Black "Chvojka, Jaroslav"]
[Result "0-1"]
[WhiteElo "1611"]
[BlackElo "2241"]
[PlyCount "58"]
[EventDate "2014.??.??"]
[EventType "corr"]
[EventRounds "2"]
[SourceDate "2010.08.23"]

1. b3 Nf6 2. Bb2 g6 3. Bxf6 exf6 4. e3 d5 5. d4 Bb4+ 6. c3 Bd6 7. Be2 O-O 8.
Nf3 c5 9. c4 cxd4 10. exd4 dxc4 11. bxc4 Bb4+ 12. Nbd2 Bc3 13. d5 Bxa1 14. Qxa1
Bg4 15. O-O Nd7 16. Ne4 Re8 17. Nc3 Rc8 18. h3 Bxf3 19. gxf3 f5 20. Qb2 Nb6 21.
Qd2 Nxc4 22. Bxc4 Rxc4 23. Qd3 Qg5+ 24. Kh1 Rh4 25. f4 Rxf4 26. Rg1 Qh4 27. Qg3
Qxg3 28. fxg3 Rc4 29. Rc1 Re3 0-1

[Event "30PCR_F"]
[Site "?"]
[Date "2014.10.27"]
[Round "?"]
[White "Smolka, Jan"]
[Black "Goc, Pavel"]
[Result "1/2-1/2"]
[WhiteElo "2242"]
[BlackElo "2241"]
[PlyCount "42"]
[EventDate "2014.??.??"]
[EventType "corr"]
[EventRounds "2"]
[SourceDate "2010.08.23"]

1. e4 e5 2. Nf3 Nc6 3. Bb5 a6 4. Bxc6 dxc6 5. O-O f6 6. d4 exd4 7. Nxd4 c5 8.
Ne2 Qxd1 9. Rxd1 Bd7 10. Nbc3 O-O-O 11. Be3 Bd6 12. Bf4 Be6 13. Rd2 Ne7 14.
Rad1 Bxf4 15. Rxd8+ Rxd8 16. Rxd8+ Kxd8 17. Nxf4 Bf7 18. Kf1 Kd7 19. Ke1 Kd6
20. Nd3 c4 21. Nf4 b5 1/2-1/2

[Event "30PCR_F"]
[Site "?"]
[Date "2014.10.27"]
[Round "?"]
[White "Chvojka, Jaroslav"]
[Black "Smolka, Jan"]
[Result "1-0"]
[WhiteElo "2241"]
[BlackElo "2242"]
[PlyCount "57"]
[EventDate "2014.??.??"]
[EventType "corr"]
[EventRounds "2"]
[SourceDate "2010.08.23"]

1. d4 Nf6 2. Nf3 d5 3. c4 c6 4. e3 Bf5 5. Nc3 e6 6. Nh4 Bg6 7. Be2 Nbd7 8. O-O
Bd6 9. h3 dxc4 10. Nxg6 hxg6 11. Bxc4 O-O 12. Bd2 e5 13. Qc2 exd4 14. exd4 Nb6
15. Bb3 Bc7 16. Rad1 Qxd4 17. g3 Qc5 18. Qxg6 Nc4 19. Qg5 Ne5 20. Kg2 Rfe8 21.
Bf4 Ba5 22. Nd5 Ne4 23. Qf5 Nc4 24. f3 Rad8 25. fxe4 cxd5 26. Bg5 f6 27. Bxc4
Qxc4 28. Bxf6 gxf6 29. Qg6+ 1-0

[Event "30PCR_F"]
[Site "?"]
[Date "2014.10.27"]
[Round "?"]
[White "Fejfar, Vlastimil"]
[Black "Lucan, Zdenko"]
[Result "1-0"]
[WhiteElo "2160"]
[BlackElo "1611"]
[PlyCount "39"]
[EventDate "2014.??.??"]
[EventType "corr"]
[EventRounds "2"]
[SourceDate "2010.08.23"]

1. e4 d5 2. exd5 Qxd5 3. Nc3 Qd6 4. d4 Nf6 5. Nf3 Bg4 6. h3 Bxf3 7. Qxf3 c6 8.
Bd2 Qxd4 9. O-O-O Qd8 10. g4 Nbd7 11. g5 Ng8 12. h4 Qc7 13. Bc4 Ne5 14. Qg3
O-O-O 15. Bf4 Rxd1+ 16. Rxd1 f6 17. Be6+ Kb8 18. Rd7 Nxd7 19. Bxc7+ Ka8 20. Qd3
1-0

[Event "30PCR_F"]
[Site "?"]
[Date "2014.10.27"]
[Round "?"]
[White "Farny, Miroslav"]
[Black "Vins, Karel"]
[Result "1-0"]
[WhiteElo "2097"]
[BlackElo "1721"]
[PlyCount "51"]
[EventDate "2014.??.??"]
[EventType "corr"]
[EventRounds "2"]
[SourceDate "2010.08.23"]

1. e4 e5 2. Nf3 d6 3. Nc3 c6 4. h3 Be6 5. d3 Nd7 6. a3 Be7 7. Bd2 h6 8. Be2
Ngf6 9. d4 Qc7 10. O-O Nb6 11. b3 O-O 12. a4 Nh7 13. a5 Nc8 14. Be3 f6 15. d5
Bf7 16. Nh4 Bd8 17. Nf5 Ne7 18. a6 Nxf5 19. exf5 c5 20. Nb5 Qd7 21. axb7 Qxb7
22. Nxd6 Qc7 23. Nxf7 Qxf7 24. Bxc5 Bb6 25. Bxf8 Qxf8 26. d6 1-0

[Event "30PCR_F"]
[Site "?"]
[Date "2014.10.27"]
[Round "?"]
[White "Svoboda, Josef"]
[Black "Ptacek, Jiri"]
[Result "1-0"]
[WhiteElo "1915"]
[BlackElo "1783"]
[PlyCount "57"]
[EventDate "2014.??.??"]
[EventType "corr"]
[EventRounds "2"]
[SourceDate "2010.08.23"]

1. e4 c5 2. Nf3 d6 3. d4 cxd4 4. Nxd4 Nf6 5. Nc3 a6 6. Be2 e6 7. O-O Be7 8. Be3
O-O 9. a4 Nc6 10. f4 Nxd4 11. Qxd4 Qc7 12. a5 e5 13. Qd3 exf4 14. Rxf4 Rd8 15.
Bb6 Qd7 16. Bxd8 Qxd8 17. Kh1 Be6 18. Nd5 Nxd5 19. exd5 Bg5 20. dxe6 Bxf4 21.
exf7+ Kxf7 22. Rf1 Kg8 23. Qd5+ Kh8 24. Rxf4 Qe7 25. Bxa6 Rxa6 26. Rf1 Rc6 27.
Qe4 Qd8 28. Rf7 Qc8 29. Re7 1-0

[Event "30PCR_F"]
[Site "?"]
[Date "2014.10.27"]
[Round "?"]
[White "Kepsta, Martin"]
[Black "Pressl, Ladislav"]
[Result "1-0"]
[WhiteElo "1900"]
[BlackElo "1823"]
[PlyCount "29"]
[EventDate "2014.??.??"]
[EventType "corr"]
[EventRounds "2"]
[SourceDate "2010.08.23"]

1. d4 Nf6 2. c4 d5 3. cxd5 Nxd5 4. e4 Nf6 5. Nc3 e6 6. Nf3 c5 7. Be2 cxd4 8.
Nxd4 Bc5 9. Be3 Bd7 10. Nxe6 fxe6 11. Bxc5 Na6 12. Bxa6 bxa6 13. e5 Ng8 14. Ne4
Qh4 15. Qf3 1-0

[Event "30PCR_F"]
[Site "?"]
[Date "2014.10.27"]
[Round "?"]
[White "Stepan, Josef"]
[Black "Kyzlink, Vladimir"]
[Result "1-0"]
[WhiteElo "1870"]
[BlackElo "1861"]
[PlyCount "47"]
[EventDate "2014.??.??"]
[EventType "corr"]
[EventRounds "2"]
[SourceDate "2010.08.23"]

1. e4 e5 2. Nf3 Nc6 3. d4 exd4 4. Nxd4 Nf6 5. Nxc6 bxc6 6. Bd3 Be7 7. e5 Nd5 8.
Qg4 g6 9. Bh6 Nb4 10. O-O d5 11. Qd4 c5 12. Qc3 d4 13. Qd2 Nxd3 14. cxd3 Bf5
15. f4 Rg8 16. Qc2 Qd7 17. Na3 g5 18. fxg5 Bxg5 19. Bxg5 Rxg5 20. Qxc5 Rb8 21.
Rf2 Bxd3 22. Rc1 Be4 23. e6 Qxe6 24. Qxg5 1-0

[Event "30PCR_F"]
[Site "?"]
[Date "2014.10.27"]
[Round "?"]
[White "Pressl, Ladislav"]
[Black "Stepan, Josef"]
[Result "0-1"]
[WhiteElo "1823"]
[BlackElo "1870"]
[PlyCount "40"]
[EventDate "2014.??.??"]
[EventType "corr"]
[EventRounds "2"]
[SourceDate "2010.08.23"]

1. d4 f5 2. c4 Nf6 3. g3 e6 4. Bg2 Bb4+ 5. Bd2 Bxd2+ 6. Qxd2 d5 7. cxd5 exd5 8.
Nf3 Ne4 9. Qc1 O-O 10. O-O Nc6 11. e3 Be6 12. Nc3 Qe7 13. a3 Na5 14. Qc2 Rac8
15. Ne5 c5 16. Qa4 Nc6 17. Nxc6 bxc6 18. Rac1 c4 19. b4 cxb3 20. Rcd1 Nxc3 0-1

[Event "30PCR_F"]
[Site "?"]
[Date "2014.10.27"]
[Round "?"]
[White "Ptacek, Jiri"]
[Black "Kepsta, Martin"]
[Result "0-1"]
[WhiteElo "1783"]
[BlackElo "1900"]
[PlyCount "72"]
[EventDate "2014.??.??"]
[EventType "corr"]
[EventRounds "2"]
[SourceDate "2010.08.23"]

1. Nf3 d5 2. d4 e6 3. e3 Nf6 4. c4 c6 5. cxd5 exd5 6. h3 Bd6 7. Nc3 Bf5 8. Bd3
Ne4 9. Qc2 Qe7 10. Nd2 Nxc3 11. Bxf5 Nb5 12. a4 Nxd4 13. Qd3 Nxf5 14. Qxf5 O-O
15. O-O Nd7 16. Nf3 Nc5 17. Qc2 Ne4 18. Bd2 f5 19. Bc3 g5 20. Nd2 Nxc3 21. bxc3
g4 22. g3 gxh3 23. Kh2 Kh8 24. Kxh3 Rf6 25. Nf3 Rg8 26. Nh4 Qe6 27. f4 Rh6 28.
Rf3 Qg6 29. Kh2 Qg4 30. Raf1 Be7 31. Kg1 Qxh4 32. Qg2 Qg4 33. Kf2 Bf6 34. Rc1
Qg7 35. c4 dxc4 36. Rxc4 Qf7 0-1

[Event "30PCR_F"]
[Site "?"]
[Date "2014.10.27"]
[Round "?"]
[White "Vins, Karel"]
[Black "Svoboda, Josef"]
[Result "1/2-1/2"]
[WhiteElo "1721"]
[BlackElo "1915"]
[PlyCount "88"]
[EventDate "2014.??.??"]
[EventType "corr"]
[EventRounds "2"]
[SourceDate "2010.08.23"]

1. e4 c5 2. Nf3 e6 3. c3 Nf6 4. e5 Nd5 5. c4 Nc7 6. d4 cxd4 7. Qxd4 Nc6 8. Qe3
d5 9. exd6 Bxd6 10. a3 O-O 11. Bd3 Qe7 12. O-O Bc5 13. Qe2 f5 14. Nc3 Nd4 15.
Nxd4 Bxd4 16. Bd2 e5 17. Be3 Bxc3 18. bxc3 e4 19. Bc2 Be6 20. a4 Na6 21. g3
Rac8 22. Bb3 Nc5 23. Bxc5 Rxc5 24. Rfd1 Rfc8 25. Rd4 b6 26. Rad1 g6 27. Rc1 Qf7
28. f4 Kg7 29. Kf2 R8c7 30. Ra1 Bxc4 31. Bxc4 Rxc4 32. Rxc4 Rxc4 33. Qd2 Qe7
34. Ke2 Rxa4 35. Rxa4 Kh6 36. Qd4 Qc7 37. Rc4 Qe7 38. Qe5 Qd7 39. Qd4 Qb5 40.
Ke3 Qb1 41. Qd2 Qg1+ 42. Qf2 Qc1+ 43. Qd2 Qg1+ 44. Qf2 Qc1+ 1/2-1/2

[Event "30PCR_F"]
[Site "?"]
[Date "2014.10.27"]
[Round "?"]
[White "Lucan, Zdenko"]
[Black "Farny, Miroslav"]
[Result "0-1"]
[WhiteElo "1611"]
[BlackElo "2097"]
[PlyCount "46"]
[EventDate "2014.??.??"]
[EventType "corr"]
[EventRounds "2"]
[SourceDate "2010.08.23"]

1. Nf3 Nf6 2. c4 c6 3. h3 e6 4. d3 d5 5. cxd5 exd5 6. Bg5 Bd6 7. Qd2 O-O 8.
Bxf6 Qxf6 9. Nc3 Nd7 10. e3 Nb6 11. Be2 Qg6 12. g4 a5 13. a3 Re8 14. O-O-O Bd7
15. Nb5 cxb5 16. Kb1 b4 17. Rc1 bxa3 18. bxa3 Bxa3 19. Rc2 Bb4 20. Qd1 Na4 21.
Qf1 Nc3+ 22. Kc1 Qb6 23. Rxc3 Bxc3 0-1

[Event "30PCR_F"]
[Site "?"]
[Date "2014.10.27"]
[Round "?"]
[White "Smolka, Jan"]
[Black "Fejfar, Vlastimil"]
[Result "1/2-1/2"]
[WhiteElo "2242"]
[BlackElo "2160"]
[PlyCount "57"]
[EventDate "2014.??.??"]
[EventType "corr"]
[EventRounds "2"]
[SourceDate "2010.08.23"]

1. e4 e5 2. Nf3 Nc6 3. Bb5 a6 4. Bxc6 dxc6 5. O-O f6 6. d4 exd4 7. Nxd4 c5 8.
Ne2 Qxd1 9. Rxd1 Be6 10. Bf4 Bd6 11. Nbc3 O-O-O 12. Rd2 Ne7 13. Rad1 Bxf4 14.
Rxd8+ Rxd8 15. Rxd8+ Kxd8 16. Nxf4 Bf7 17. Kf1 Kd7 18. Ke1 g5 19. Nd3 c4 20.
Nc1 b5 21. N1e2 b4 22. Nd1 Kd6 23. Ne3 h5 24. c3 c5 25. Ng3 Ke5 26. f3 b3 27.
a3 Nc8 28. Ke2 Nb6 29. Kd2 1/2-1/2

[Event "30PCR_F"]
[Site "?"]
[Date "2014.10.27"]
[Round "?"]
[White "Goc, Pavel"]
[Black "Chvojka, Jaroslav"]
[Result "1/2-1/2"]
[WhiteElo "2241"]
[BlackElo "2241"]
[PlyCount "82"]
[EventDate "2014.??.??"]
[EventType "corr"]
[EventRounds "2"]
[SourceDate "2010.08.23"]

1. e4 e5 2. Nf3 Nc6 3. Bb5 Nf6 4. O-O Nxe4 5. d4 Be7 6. Qe2 Nd6 7. Bxc6 bxc6 8.
dxe5 Nf5 9. Qe4 g6 10. b3 O-O 11. Bb2 Bb7 12. Nbd2 a5 13. Rfe1 a4 14. bxa4 Qb8
15. Rab1 d5 16. exd6 Bxd6 17. Qc4 c5 18. Qc3 Nd4 19. Nxd4 cxd4 20. Qxd4 f6 21.
Qc4+ Rf7 22. Bxf6 Qa7 23. Ne4 Bxe4 24. Rxe4 Qc5 25. Qxc5 Bxc5 26. Bh4 Raf8 27.
Rc4 Bb6 28. Bg3 Rd8 29. Bf4 Re8 30. h3 Re2 31. Rb5 Rxf2 32. Rxb6 R2xf4 33. Rbb4
R4f6 34. a3 Ra6 35. Rb7 c6 36. Rxf7 Kxf7 37. Kf2 Ke6 38. Ke3 c5 39. Rxc5 Rxa4
40. Rc3 Kd5 41. Rb3 h6 1/2-1/2

[Event "30PCR_F"]
[Site "?"]
[Date "2014.10.27"]
[Round "?"]
[White "Fejfar, Vlastimil"]
[Black "Goc, Pavel"]
[Result "1-0"]
[WhiteElo "2160"]
[BlackElo "2241"]
[PlyCount "99"]
[EventDate "2014.??.??"]
[EventType "corr"]
[EventRounds "2"]
[SourceDate "2010.08.23"]

1. e4 e5 2. Nf3 Nc6 3. Nc3 Nf6 4. Bb5 Bb4 5. O-O O-O 6. d3 d6 7. Bg5 Bxc3 8.
bxc3 Qe7 9. Re1 Nd8 10. d4 Ne6 11. Bc1 c5 12. a4 Rd8 13. d5 Nf8 14. Bg5 h6 15.
Bd2 Ng6 16. Qe2 Bg4 17. h3 Bxf3 18. Qxf3 Nh4 19. Qe2 g5 20. Rab1 Ng6 21. Qf3
Nh4 22. Qe3 Ng6 23. a5 Kg7 24. g3 Rh8 25. Rb2 Qc7 26. Bd3 Rab8 27. c4 Qd7 28.
Reb1 Qxh3 29. Rxb7 Rxb7 30. Rxb7 Ng4 31. Qf3 Qh2+ 32. Kf1 Nf6 33. Qg2 Qxg2+ 34.
Kxg2 Ra8 35. a6 g4 36. f3 h5 37. fxg4 hxg4 38. Ba5 Ne8 39. Be2 Nf6 40. Bc7 Nxe4
41. Rb8 Rxb8 42. Bxb8 f5 43. Bd3 Nd2 44. Bxa7 Ne7 45. Bb8 Nc8 46. Bxf5 Nb6 47.
Bxd6 Ndxc4 48. Bxc5 Nxd5 49. Be6 Ncb6 50. a7 1-0

[Event "30PCR_F"]
[Site "?"]
[Date "2014.10.27"]
[Round "?"]
[White "Farny, Miroslav"]
[Black "Smolka, Jan"]
[Result "0-1"]
[WhiteElo "2097"]
[BlackElo "2242"]
[PlyCount "50"]
[EventDate "2014.??.??"]
[EventType "corr"]
[EventRounds "2"]
[SourceDate "2010.08.23"]

1. e4 e5 2. Nf3 Nc6 3. c3 Nf6 4. d3 d5 5. Nbd2 a5 6. Qc2 Be7 7. g3 O-O 8. Bg2
dxe4 9. Nxe4 Qd7 10. O-O Rd8 11. Ne1 Nd5 12. Nd2 Nb6 13. Ndf3 Qg4 14. h3 Qh5
15. Kh2 Bf5 16. Ng1 Qg6 17. Qe2 a4 18. a3 Bxd3 19. Nxd3 Qxd3 20. Qxd3 Rxd3 21.
Bxc6 bxc6 22. Re1 f6 23. Be3 Nc4 24. Rab1 Rb8 25. Re2 Bxa3 0-1

[Event "30PCR_F"]
[Site "?"]
[Date "2014.10.27"]
[Round "?"]
[White "Svoboda, Josef"]
[Black "Lucan, Zdenko"]
[Result "1-0"]
[WhiteElo "1915"]
[BlackElo "1611"]
[PlyCount "51"]
[EventDate "2014.??.??"]
[EventType "corr"]
[EventRounds "2"]
[SourceDate "2010.08.23"]

1. e4 Nf6 2. e5 Nd5 3. Nc3 Nxc3 4. dxc3 e6 5. Bd3 Be7 6. Qg4 Kf8 7. Nf3 f5 8.
exf6 Bxf6 9. O-O Nc6 10. Be3 d5 11. Ng5 Ne5 12. Qh5 g6 13. Nxh7+ Rxh7 14. Qxh7
Qe7 15. Bh6+ Ke8 16. Bxg6+ Nxg6 17. Qxg6+ Kd7 18. Rfe1 Kc6 19. Qg3 Bd7 20. Re5
Bxe5 21. Qxe5 Qd6 22. Qd4 Re8 23. Qa4+ b5 24. Qa6+ Kc5 25. b4+ Kc4 26. Qa3 1-0

[Event "30PCR_F"]
[Site "?"]
[Date "2014.10.27"]
[Round "?"]
[White "Kepsta, Martin"]
[Black "Vins, Karel"]
[Result "1-0"]
[WhiteElo "1900"]
[BlackElo "1721"]
[PlyCount "55"]
[EventDate "2014.??.??"]
[EventType "corr"]
[EventRounds "2"]
[SourceDate "2010.08.23"]

1. d4 d5 2. c4 c6 3. Nc3 e6 4. Nf3 Nf6 5. cxd5 exd5 6. Bg5 Be7 7. e3 h6 8. Bh4
Be6 9. Be2 Nbd7 10. a3 O-O 11. O-O Bf5 12. Nd2 Re8 13. Bg3 Nf8 14. Qb3 b6 15.
Rac1 Rc8 16. Ba6 Rc7 17. Bxc7 Qxc7 18. Nxd5 Nxd5 19. Qxd5 Bd7 20. Qf3 Qd6 21.
Bc4 Be6 22. Bxe6 Nxe6 23. Qxc6 Rb8 24. Qxd6 Bxd6 25. Ne4 Be7 26. d5 Nc5 27.
Nxc5 Bxc5 28. b4 1-0

[Event "30PCR_F"]
[Site "?"]
[Date "2014.10.27"]
[Round "?"]
[White "Stepan, Josef"]
[Black "Ptacek, Jiri"]
[Result "1-0"]
[WhiteElo "1870"]
[BlackElo "1783"]
[PlyCount "77"]
[EventDate "2014.??.??"]
[EventType "corr"]
[EventRounds "2"]
[SourceDate "2010.08.23"]

1. e4 e5 2. Nc3 Nc6 3. f4 d6 4. Bb5 Bd7 5. Bxc6 Bxc6 6. fxe5 dxe5 7. Nf3 f6 8.
d4 exd4 9. Nxd4 Qd7 10. Nxc6 Qxd1+ 11. Nxd1 bxc6 12. Be3 Bb4+ 13. c3 Ba5 14.
Ke2 Bb6 15. Nf2 Ne7 16. Rhd1 O-O 17. c4 c5 18. Nd3 Rfe8 19. Kf3 Ng6 20. g3 Ne5+
21. Nxe5 Rxe5 22. Rd5 Rae8 23. Rxe5 Rxe5 24. Rd1 Re8 25. Rd7 h6 26. Bf4 Rc8 27.
Kg4 Kh7 28. Kf5 a6 29. e5 fxe5 30. Bxe5 Rf8+ 31. Ke6 Re8+ 32. Kd5 h5 33. Rxg7+
Kh6 34. Rf7 Rd8+ 35. Ke6 Rg8 36. h4 Kg6 37. Rf6+ Kh7 38. Rf5 Kh6 39. Kf7 1-0

[Event "30PCR_F"]
[Site "?"]
[Date "2014.10.27"]
[Round "?"]
[White "Kyzlink, Vladimir"]
[Black "Pressl, Ladislav"]
[Result "1-0"]
[WhiteElo "1861"]
[BlackElo "1823"]
[PlyCount "35"]
[EventDate "2014.??.??"]
[EventType "corr"]
[EventRounds "2"]
[SourceDate "2010.08.23"]

1. e4 c5 2. Nf3 Nc6 3. d4 cxd4 4. Nxd4 Nf6 5. Nc3 e6 6. Nxc6 bxc6 7. e5 Nd5 8.
Ne4 Qc7 9. f4 d6 10. c4 dxe5 11. cxd5 exd5 12. Nc3 exf4 13. Qa4 Bd7 14. Bxf4
Bd6 15. Bxd6 Qxd6 16. Be2 c5 17. Nb5 Bxb5 18. Qxb5+ 1-0

[Event "30PCR_F"]
[Site "?"]
[Date "2014.10.27"]
[Round "?"]
[White "Ptacek, Jiri"]
[Black "Kyzlink, Vladimir"]
[Result "1/2-1/2"]
[WhiteElo "1783"]
[BlackElo "1861"]
[PlyCount "43"]
[EventDate "2014.??.??"]
[EventType "corr"]
[EventRounds "2"]
[SourceDate "2010.08.23"]

1. Nf3 d5 2. d4 Nf6 3. h3 h6 4. Nc3 e6 5. e4 Bb4 6. exd5 Nxd5 7. Bd2 Nxc3 8.
Bxc3 Bxc3+ 9. bxc3 O-O 10. Be2 b6 11. O-O Bb7 12. Re1 c5 13. Nh2 Nd7 14. Bf3
Bxf3 15. Nxf3 Rc8 16. d5 exd5 17. Qxd5 Nf6 18. Qb3 Qc7 19. c4 Rcd8 20. Rad1
Rxd1 21. Rxd1 Re8 22. Kf1 1/2-1/2

[Event "30PCR_F"]
[Site "?"]
[Date "2014.10.27"]
[Round "?"]
[White "Vins, Karel"]
[Black "Stepan, Josef"]
[Result "0-1"]
[WhiteElo "1721"]
[BlackElo "1870"]
[PlyCount "50"]
[EventDate "2014.??.??"]
[EventType "corr"]
[EventRounds "2"]
[SourceDate "2010.08.23"]

1. e4 e5 2. Nf3 Nc6 3. Bb5 Nf6 4. d3 d6 5. h3 Be7 6. c4 O-O 7. O-O Nd4 8. Nxd4
exd4 9. Bf4 Nd7 10. Ba4 Nc5 11. Bc2 f5 12. e5 Ne6 13. Bd2 dxe5 14. f3 e4 15.
fxe4 fxe4 16. Rxf8+ Qxf8 17. dxe4 Nf4 18. Bxf4 Qxf4 19. Qf3 Qc1+ 20. Qd1 Qe3+
21. Kf1 Bxh3 22. gxh3 Rf8+ 23. Kg2 Rf2+ 24. Kg1 Qg3+ 25. Kh1 Qh2# 0-1